[Event "Attila Schneder Mem"]
[Site "Budapest HUN"]
[Date "2003.12.02"]
[Round "2"]
[White "Cernousek,L"]
[Black "Szilagyi,P"]
[Result "1-0"]
[WhiteElo "2302"]
[BlackElo "2434"]

1.e4 c5 2.Nf3 e6 3.d4 cxd4 4.Nxd4 Nc6 5.Nc3 Qc7 6.Be3 a6 7.Bd3 Nf6 8.O-O Ne5
9.Nf3 d6 10.Nxe5 dxe5 11.Na4 Nd7 12.c4 b6 13.Rb1 a5 14.a3 Nc5 15.Bc2 Be7
16.Nxb6 Qxb6 17.Ba4+ Nxa4 18.Bxb6 Nxb6 19.b4 O-O 20.c5 Nd7 21.Qa4 Nb8 22.c6 Bd8
23.b5 Bb6 24.Qc4 Na6 25.bxa6 Bxa6 26.Qc2 Bd4 27.Rfc1 g6 28.c7 Kg7 29.Qc6 Rfc8
30.Qd6  1-0

[Event "ch-GRE"]
[Site "Aspropyrgos GRE"]
[Date "2003.12.03"]
[Round "5"]
[White "Sigalas,F"]
[Black "Mastrovasilis,A"]
[Result "0-1"]
[WhiteElo "2272"]
[BlackElo "2500"]

1.e4 c5 2.Nf3 e6 3.d4 cxd4 4.Nxd4 Nc6 5.Nc3 d6 6.Be3 Nf6 7.f3 Be7 8.Qd2 O-O
9.O-O-O a6 10.g4 Nxd4 11.Bxd4 b5 12.g5 Nd7 13.h4 Rb8 14.Rg1 Qc7 15.h5 b4
16.Na4 Ne5 17.Qf2 b3 18.axb3 Rxb3 19.Nc3 Rb8 20.f4 Qa5 21.fxe5 dxe5 22.Nd5 exd5
23.Bxe5 Bc5 24.Qg3 dxe4 25.Qc3 Qxc3 26.bxc3 Bxg1 27.Bxb8 Be3+ 28.Kb2 Bg4  0-1

[Event "Kurent Women"]
[Site "Ptuj SLO"]
[Date "2003.12.03"]
[Round "5"]
[White "Kaps,D"]
[Black "Todorovic,V"]
[Result "1-0"]
[WhiteElo "2202"]
[BlackElo "2125"]

1.e4 c5 2.Nf3 e6 3.d4 cxd4 4.Nxd4 Nc6 5.Nc3 d6 6.Bc4 Nf6 7.O-O Be7 8.Bb3 O-O
9.Kh1 Bd7 10.f4 Nxd4 11.Qxd4 Bc6 12.f5 e5 13.Qd3 b5 14.Bg5 Ng4 15.Qg3 Bxg5
16.Qxg4 b4 17.Nd1 Bf4 18.g3 Bxe4+ 19.Kg1 h5 20.Qe2 Qb6+ 21.Rf2 Bb7 22.gxf4 exf4
23.Ba4 Qd4 24.Qd3 Qf6 25.Rxf4 Ba6 26.Qd4 Qg5+ 27.Kf2 Rac8 28.Ne3 Rc5 29.Rg1 Qh6
30.Rf3 Kh7 31.Rfg3 Rg8 32.Bb3 Rc7 33.Nd5 Rc5 34.Ne7 Re5 35.Nxg8 Rxf5+ 36.Rf3  1-0

[Event "VIII Mirko Srajber Mem"]
[Site "Subotica SCG"]
[Date "2003.12.03"]
[Round "6"]
[White "Colovic,A"]
[Black "Markus,R"]
[Result "0-1"]
[WhiteElo "2412"]
[BlackElo "2522"]

1.e4 c5 2.Nf3 e6 3.d4 cxd4 4.Nxd4 Nc6 5.Nc3 Qc7 6.g3 a6 7.Bg2 d6 8.Nxc6 bxc6
9.O-O Nf6 10.Re1 e5 11.Na4 Be6 12.b3 Be7 13.c4 O-O 14.Ba3 Rad8 15.Qe2 Nd7
16.Qe3 f5 17.exf5 Rxf5 18.Rad1 Rdf8 19.Re2 R5f6 20.h3 Bf7 21.Nc3 Bh5 22.Ne4 Re6
23.g4 Bg6 24.Red2 Bxe4 25.Qxe4 Nb8 26.Qc2 Kh8 27.Be4 g6 28.Rd3 a5 29.Qd2 Rd8
30.g5 Na6 31.h4 Nb4 32.Bxb4 axb4 33.Bd5 cxd5 34.cxd5 e4 35.dxe6 exd3 36.Qxb4 Qc5
37.Qd2 Qd4 38.Qxd3 Qxh4 39.Qc3+ Kg8 40.Re1 Qxg5+ 41.Kf1 d5 42.Re5 d4 43.Qc7 Qf6
44.Rb5 Rf8 45.f4 Qxe6  0-1

[Event "ch-IND National A"]
[Site "Calicut IND"]
[Date "2003.12.04"]
[Round "2"]
[White "Neelotpal,D"]
[Black "Satyapragyan,S"]
[Result "1/2-1/2"]
[WhiteElo "2443"]
[BlackElo "2415"]

1.Nf3 c5 2.e4 Nc6 3.d4 cxd4 4.Nxd4 e6 5.Nc3 Qc7 6.Be2 a6 7.O-O Nf6 8.Kh1 d6
9.f4 Be7 10.a4 O-O 11.Be3 Bd7 12.Qe1 Nxd4 13.Bxd4 Bc6 14.Qg3 Qa5 15.Bf3 Rac8
16.Rfe1 g6 17.Qf2 Bd8 18.Rad1 Nd7 19.Be3 Qb4  1/2-1/2

[Event "33rd Rilton Cup"]
[Site "Stockholm SWE"]
[Date "2003.12.04"]
[Round "8"]
[White "Nataf,IA"]
[Black "Haapasalo,JP"]
[Result "1-0"]
[WhiteElo "2561"]
[BlackElo "2146"]

1.e4 c5 2.Nf3 e6 3.d4 cxd4 4.Nxd4 Nc6 5.Nc3 a6 6.Be2 Qc7 7.O-O Nf6 8.Be3 Bb4
9.Na4 Be7 10.Nxc6 bxc6 11.Nb6 Rb8 12.Nxc8 Qxc8 13.Bd4 c5 14.Be5 Rb6 15.Qd3 O-O
16.b3 d6 17.Bb2 Nd7 18.Rad1 Bf6 19.Bc1 Rc6 20.Qg3 Ne5 21.f4 Ng6 22.Bc4 Kh8
23.Qh3 Rb6 24.Qh5 Rd8 25.Rd3 Qb7 26.e5 dxe5 27.fxe5 Rxd3 28.Bxd3 Qd5 29.Bxg6 fxg6
30.exf6  1-0

[Event "33rd Rilton Cup"]
[Site "Stockholm SWE"]
[Date "2003.12.04"]
[Round "8"]
[White "Andersson,Bj2"]
[Black "Hermansson,E"]
[Result "0-1"]
[WhiteElo "2212"]
[BlackElo "2422"]

1.e4 c5 2.Nf3 Nc6 3.Nc3 e6 4.d4 cxd4 5.Nxd4 Qc7 6.Be3 a6 7.Qd2 Nf6 8.a3 b5
9.f3 Ne5 10.Bf4 Bb7 11.g4 Rc8 12.O-O-O b4 13.axb4 Bxb4 14.g5 Nh5 15.Nxe6 Qa5
16.Kb1 Nxf4 17.Nxg7+ Kf8 18.Nf5 Rxc3 19.bxc3 Bd5 20.Qxd5 Nxd5 21.Rxd5 Qa3
22.cxb4 Qxb4+ 23.Ka2 Qa4+ 24.Kb2 Qb4+ 25.Kc1 Qa3+ 26.Kb1 f6 27.f4 Qb4+ 28.Kc1 Qxe4
29.Rd6 Qxf4+ 30.Kb1 Qb4+ 31.Kc1 Qf4+ 32.Kb1 Qxg5 33.Nd4 Kf7 34.Bxa6 Rb8+
35.Nb3 Ke7 36.Rdd1 Qe3 37.Kb2 Rb6 38.Rhe1 Qf4 39.Bd3 Qd4+ 40.Kb1 Qc3 41.Bxh7 d5
42.Bg8 d4 43.Re4 Kf8 44.Rxe5 fxe5 45.Bd5 Rb5 46.Rf1+ Ke7 47.Rf7+ Kd6  0-1

[Event "Kurent Men"]
[Site "Ptuj SLO"]
[Date "2003.12.05"]
[Round "9"]
[White "Roskar,R"]
[Black "Kozakov,M"]
[Result "1/2-1/2"]
[WhiteElo "2244"]
[BlackElo "2457"]

1.e4 c5 2.Nf3 e6 3.d4 cxd4 4.Nxd4 Nc6 5.Nc3 Qc7 6.Be2 a6 7.O-O Nf6 8.Be3 Bb4
9.Nxc6 bxc6 10.Na4 Be7 11.Nb6 Rb8 12.Nxc8 Qxc8 13.e5 Nd5 14.Bc1 Bc5 15.c4 Ne7
16.b3 Qc7 17.Bb2  1/2-1/2

[Event "ch-GRE"]
[Site "Aspropyrgos GRE"]
[Date "2003.12.06"]
[Round "8"]
[White "Sigalas,F"]
[Black "Mastrovasilis,D"]
[Result "0-1"]
[WhiteElo "2272"]
[BlackElo "2512"]

1.e4 c5 2.Nf3 e6 3.d4 cxd4 4.Nxd4 Nc6 5.Nc3 Qc7 6.Be3 a6 7.Qd2 Nf6 8.O-O-O Be7
9.f3 d6 10.g4 O-O 11.h4 Nxd4 12.Bxd4 Nd7 13.g5 b5 14.a3 Ne5 15.Qf2 Rb8 16.Rg1 b4
17.axb4 Rxb4 18.f4 Qa5 19.fxe5 dxe5 20.Nd5 exd5 21.Bc3 d4  0-1

[Event "ch-IND National A"]
[Site "Calicut IND"]
[Date "2003.12.06"]
[Round "4"]
[White "Thipsay,P"]
[Black "Satyapragyan,S"]
[Result "1/2-1/2"]
[WhiteElo "2486"]
[BlackElo "2415"]

1.e4 c5 2.Nf3 Nc6 3.d4 cxd4 4.Nxd4 e6 5.Nc3 Qc7 6.Be2 a6 7.O-O Nf6 8.Be3 d6
9.a4 Be7 10.f4 O-O 11.Kh1 Bd7 12.Nb3 b6 13.Bf3 Rfe8 14.Qe2 Bc8 15.e5 Nd7
16.exd6 Bxd6 17.Rad1 Rb8 18.Ne4 Bf8 19.Qf2 Nb4 20.Nd4 Nd5 21.Bc1 Bb7 22.c3 Nc5
23.Nxc5 bxc5 24.Ne2 c4 25.Nd4  1/2-1/2

[Event "TCh-CZE Extraliga 2003-4"]
[Site "Czech Rep CZE"]
[Date "2003.12.06"]
[Round "3"]
[White "Hagara,E"]
[Black "Chloupek,S"]
[Result "1/2-1/2"]
[WhiteElo "2422"]
[BlackElo "2371"]

1.e4 c5 2.Nf3 e6 3.d4 cxd4 4.Nxd4 Nc6 5.Nc3 Qc7 6.Be3 a6 7.Qd2 Nf6 8.O-O-O Bb4
9.f3 Ne5 10.Nb3 b5 11.Bd4 Be7 12.Qg5 Ng6 13.Qg3 Qxg3 14.hxg3 d6 15.a4 e5
16.Be3 b4 17.Na2 a5 18.Bb5+ Bd7 19.Bxd7+ Kxd7 20.Bg5 Ne8 21.Bxe7 Nxe7 22.Rd3 h5
23.c3 Nc6 24.g4 g6 25.Rd2 Ke7 26.Kb1 Nc7 27.gxh5 gxh5 28.Re1 Ne6 29.cxb4 Nxb4
30.Nxa5 Nxa2 31.Nc6+ Kf6 32.Kxa2 Rxa4+ 33.Kb1 Nd4 34.Red1 Rg8 35.Nxd4 exd4
36.Rxd4 Rxd4 37.Rxd4 Rxg2 38.Rxd6+ Kg5 39.Rd5+ Kg6 40.Rd6+ Kg5 41.Rd5+ Kg6
42.Rd6+  1/2-1/2

[Event "Kurent Women"]
[Site "Ptuj SLO"]
[Date "2003.12.06"]
[Round "9"]
[White "Novak,K"]
[Black "Todorovic,V"]
[Result "0-1"]
[WhiteElo "2119"]
[BlackElo "2125"]

1.e4 c5 2.Nf3 e6 3.d4 cxd4 4.Nxd4 Nc6 5.Nc3 d6 6.Be3 Nf6 7.f3 Be7 8.Qd2 O-O
9.g4 Nxd4 10.Bxd4 Nd7 11.O-O-O a6 12.h4 b5 13.g5 Qa5 14.Kb1 b4 15.Ne2 Ne5
16.Ng1 Bb7 17.h5 Rac8 18.g6 h6 19.gxf7+ Nxf7 20.Nh3 Ng5 21.Nxg5 Bxg5 22.Qe2 d5
23.Bh3 Rce8 24.e5 Qc7 25.Rhg1 Qc4 26.Qf2 a5 27.Bc5 Rf7 28.Rg4 Qb5 29.Bd4 Ba6
30.Bf1 Qc6 31.Bxa6 Qxa6 32.Be3 Bxe3 33.Qxe3 Kh8 34.Rdg1 Ref8 35.f4 Qc4 36.b3 Qc3
37.Qc1 a4 38.bxa4 Ra8 39.R1g3 Qc6 40.Qb2 Rxa4 41.Rb3 Rfa7 42.Rg2 Qa6 43.Rbg3 Rxa2
44.Qb3 Qf1+  0-1

[Event "TCh-CZE Extraliga 2003-4"]
[Site "Czech Rep CZE"]
[Date "2003.12.07"]
[Round "4"]
[White "Dvorak,T"]
[Black "Suran,J"]
[Result "1-0"]
[WhiteElo "2331"]
[BlackElo "2396"]

1.e4 c5 2.Nf3 Nc6 3.d4 cxd4 4.Nxd4 e6 5.Nc3 Qc7 6.Be2 a6 7.O-O Nf6 8.Be3 Be7
9.f4 d6 10.a4 O-O 11.Kh1 Re8 12.Bg1 Bf8 13.Qd3 e5 14.fxe5 dxe5 15.Qg3 Nxd4
16.Bxd4 Kh8 17.Rad1 Bd6 18.Rxf6 gxf6 19.Nd5 Qxc2 20.Nxf6 Qxe2 21.Qh4 Qxd1+
22.Bg1 Kg7 23.Qg5+ Kh8 24.Qh6  1-0

[Event "TCh-CZE Extraliga 2003-4"]
[Site "Czech Rep CZE"]
[Date "2003.12.07"]
[Round "4"]
[White "Walek,M"]
[Black "Michalek,J"]
[Result "1/2-1/2"]
[WhiteElo "2332"]
[BlackElo "2396"]

1.e4 c5 2.Nf3 Nc6 3.Nc3 e6 4.d4 cxd4 5.Nxd4 Nf6 6.Be3 d6 7.Be2 Be7 8.O-O O-O
9.f4 e5 10.Nb3 exf4 11.Bxf4 Be6 12.Kh1 d5 13.exd5 Nxd5 14.Nxd5 Bxd5 15.Bf3 Be6
16.Qe2 Re8 17.Rad1 Qb6 18.Be4 Qb4 19.c3 Qa4 20.Bc2 Qc4 21.Bd3 Qa4 22.Bc2 Qc4
23.Bd3 Qa4  1/2-1/2

[Event "TCh-CZE Extraliga 2003-4"]
[Site "Czech Rep CZE"]
[Date "2003.12.07"]
[Round "4"]
[White "Movsesian,S"]
[Black "Navara,D"]
[Result "1-0"]
[WhiteElo "2645"]
[BlackElo "2607"]

1.e4 c5 2.Nf3 e6 3.d4 cxd4 4.Nxd4 Nc6 5.Nc3 a6 6.f4 Qc7 7.Nb3 d6 8.Bd3 Nf6
9.O-O Be7 10.Qf3 O-O 11.Kh1 b5 12.Bd2 Bb7 13.Qh3 b4 14.Ne2 a5 15.Rae1 Rfe8
16.Ng3 Ba6 17.f5 Bd8 18.Bg5 Nd7 19.f6 Nce5 20.Nh5 gxf6 21.Bxf6 Nxf6 22.Rxf6 Bxd3
23.cxd3 Bxf6 24.Nxf6+ Kg7 25.Rf1 h6 26.Qg3+ Ng6 27.h4 a4 28.Nd2 Qc5 29.Nc4 Rf8
30.Qg4 Qd4 31.Rf3 d5 32.Nd6 dxe4 33.Nh5+ Kh7 34.Nf6+ Kg7 35.Nh5+ Kh7 36.Nxe4 Qxb2
37.d4 Rad8 38.Nhf6+ Kh8 39.h5 Qc1+ 40.Kh2 Ne7 41.Qg3 Nd5 42.Ng4 f6 43.Nc5 Rde8
44.Ne5 Qg5 45.Ng6+ Kg8 46.Qh3 Qd2 47.Rg3 Kf7 48.Nxf8 Kxf8 49.Nxe6+ Ke7 50.Ng7 Nf4
51.Qf5 Qxd4 52.Qb5 Qd8 53.Nxe8  1-0

[Event "22nd SEA Games Team Standard"]
[Site "Ho Chi Minh City VIE"]
[Date "2003.12.07"]
[Round "1"]
[White "Goh Weiming"]
[Black "Zaw Oo"]
[Result "1-0"]
[WhiteElo "2303"]
[BlackElo "2452"]

1.e4 c5 2.Nc3 Nc6 3.Nf3 e6 4.d4 cxd4 5.Nxd4 Qc7 6.Be3 Nf6 7.Be2 a6 8.O-O d6
9.a4 Be7 10.f4 O-O 11.Kh1 Re8 12.Bf3 Rb8 13.Qd2 Nxd4 14.Bxd4 e5 15.Ba7 Ra8
16.Be3 Be6 17.f5 Bc4 18.Rfc1 d5 19.exd5 Bb4 20.d6 Bxd6 21.Bg5 e4 22.Be2 Be5
23.Re1 Rad8 24.Qe3 h6 25.Bh4 Bd4 26.Qh3 Bxe2 27.Rxe2 Bxc3 28.bxc3 Rd6 29.Rae1 Qc4
30.Re3 Qxa4 31.Bg3 Rc6 32.R3e2 Qc4 33.Bf4 Nd5 34.Bc1 a5 35.Qh4 e3 36.Qg3 a4
37.Bxe3 Qxc3 38.Bd2 Rxe2 39.Bxc3 Nxc3 40.Qxc3  1-0

[Event "II Manuel Pereyra Puebla Mem"]
[Site "Mendoza ARG"]
[Date "2003.12.07"]
[Round "3"]
[White "Rodriguez,And URU"]
[Black "Needleman,G"]
[Result "0-1"]
[WhiteElo "2498"]
[BlackElo "2195"]

1.e4 c5 2.Nf3 e6 3.d4 cxd4 4.Nxd4 Nc6 5.Nc3 Qc7 6.g3 d6 7.Bg2 Nxd4 8.Qxd4 Bd7
9.O-O Nf6 10.h3 Bc6 11.g4 Nd7 12.Be3 h6 13.a4 a6 14.Nd5 Bxd5 15.exd5 e5 16.Qd2 Be7
17.c4 O-O 18.Rfc1 a5 19.Be4 Nc5 20.Bb1 e4 21.Ra3 Bf6 22.Re1 Rfe8 23.Re2 Rac8
24.Bd4 Bxd4 25.Qxd4 Qe7 26.Rae3 Qe5 27.Qd2 Qf4 28.Qxa5 h5 29.Qe1 hxg4 30.Bxe4 Re5
31.b4 Nd7 32.c5 dxc5 33.bxc5 Nxc5 34.Bc2 gxh3 35.Rg3 Nd7 36.Bd1 Rc1 37.Kh2 Qd4
38.Rxe5 Nxe5 39.Qg1 g6 40.f4 Qd2+ 41.Kxh3 Rxd1 42.Qh2 Qxf4  0-1

[Event "6th Open"]
[Site "Tanta City EGY"]
[Date "2003.12.07"]
[Round "1"]
[White "Hassan,Say"]
[Black "Yousry,S"]
[Result "1/2-1/2"]
[WhiteElo "2348"]
[BlackElo "2268"]

1.e4 c5 2.Nc3 e6 3.Nf3 Nc6 4.d4 cxd4 5.Nxd4 Nf6 6.Ndb5 d6 7.Bf4 e5 8.Bg5 a6
9.Na3 b5 10.Nd5 Be7 11.Bxf6 Bxf6 12.c3 O-O 13.Nc2 Bg5 14.h4 Bh6 15.g4 Bf4
16.Qf3 Be6 17.Nxf4 Qf6 18.g5 Qxf4 19.Qxf4 exf4 20.Bh3 Bc4 21.O-O-O Ne5 22.Bf1 Bxa2
23.Rxd6 Rfd8 24.Rxd8+ Rxd8 25.Nd4 Bc4 26.Bxc4 bxc4 27.f3 g6 28.Kc2 Kg7 29.h5 Rd6
30.h6+ Kf8 31.Ra1 Ke7 32.Ra5 Nc6 33.Nxc6+ Rxc6 34.b3 cxb3+ 35.Kxb3 f6 36.gxf6+ Kxf6
37.c4 g5 38.Rf5+ Kg6 39.c5 Rf6 40.Rd5 g4 41.fxg4 f3 42.Rd1 Kg5 43.Kc4 Kxg4
44.Kd5 Rf8 45.Rg1+ Kf4 46.e5 Rf5 47.c6 Rxe5+ 48.Kd6 Re2 49.Rg7 Rd2+ 50.Kc5 Rh2
51.Rxh7 Rh5+ 52.Kb6 f2 53.c7 f1=Q 54.Rf7+ Rf5 55.Rxf5+ Kxf5 56.c8=Q+ Kg6  1/2-1/2

[Event "2nd Subasic Mem"]
[Site "Zenica BIH"]
[Date "2003.12.07"]
[Round "2"]
[White "Muratovic,En"]
[Black "Rajkovic,Du"]
[Result "0-1"]
[WhiteElo "2281"]
[BlackElo "2449"]

1.e4 c5 2.Nf3 e6 3.d4 cxd4 4.Nxd4 Nc6 5.Nc3 Qc7 6.Be3 a6 7.Nb3 b5 8.Bd3 Nf6
9.O-O d6 10.f4 Be7 11.Qf3 b4 12.Nd1 Bb7 13.Rc1 O-O 14.Qh3 Rfd8 15.g4 d5 16.e5 Ne4
17.c4 h6 18.cxd5 exd5 19.Nd4 Qd7 20.Nf5 Bf8 21.Bb6 Rdb8 22.Bxe4 dxe4 23.Nde3 Ne7
24.Rfd1 Qb5 25.Bc7 Nxf5 26.gxf5 Rc8 27.Kf2 Bc5 28.Rxc5 Qxc5 29.Bd6 Qb6 30.f6 Rc2+
31.Ke1 Rxh2 32.Qg3 g6 33.Qxh2 Qxe3+ 34.Qe2 Qxf4 35.Qf2 Qg4 36.Qe3 g5 37.Bxb4 a5
38.Bc3 Ba6 39.Bxa5 Bd3 40.Bc3 Rxa2 41.Qf2 Kh7 42.Kd2 Kg6 43.Rg1 Qf5 44.Qxf5+ Kxf5
45.Rh1 Bc4 46.Ke3 Kg6 47.Kxe4 h5 48.Rg1 Be6 49.b4 h4 50.b5 h3 51.Kd4 h2 52.Rh1 Bc8
53.e6 fxe6 54.f7 Kxf7 55.Rf1+ Kg6  0-1

[Event "II Manuel Pereyra Puebla Mem"]
[Site "Mendoza ARG"]
[Date "2003.12.08"]
[Round "4"]
[White "Rosito,J"]
[Black "Needleman,A"]
[Result "1/2-1/2"]
[WhiteElo "2456"]
[BlackElo "2411"]

1.e4 c5 2.Nf3 e6 3.d4 cxd4 4.Nxd4 Nc6 5.Nc3 Qc7 6.Be3 a6 7.Qd2 Nf6 8.f3 Nxd4
9.Bxd4 e5 10.Be3 Bb4 11.O-O-O b5 12.a3 Bxc3 13.Qxc3 Qxc3 14.bxc3 Bb7 15.c4 Bc6
16.Bc5 Ng8 17.cxb5 axb5 18.Rd3 f6 19.Rb3 Ra5 20.c4 bxc4 21.Rb8+ Kf7 22.Bxc4+ Kg6
23.Bb4 Ra8 24.Rxa8 Bxa8 25.Rd1 Ne7 26.Kb2 Rc8 27.Bb3 Nc6 28.Rxd7 Nd4 29.Bf7+ Kh6
30.Bd2+ g5 31.Bc3 Nb5 32.Bb4 Bc6 33.Re7 Nd4 34.Rc7 Rb8 35.Be6 Bxe4 36.fxe4 Nxe6
37.Rc6 Re8 38.a4 Kg6 39.a5 Nd4 40.Rb6 Rc8 41.a6 Nc6 42.Ka3 h5 43.Ka4 h4 44.g4 hxg3
45.hxg3 Kh5 46.Rxc6 Rxc6 47.Kb5 Rxa6 48.Kxa6 Kg4 49.Be7 Kxg3 50.Bxf6 Kf4
51.Kb5 g4 52.Bh4 Kxe4 53.Kc4 Ke3 54.Bg5+ Kf3 55.Kd3 g3 56.Be3  1/2-1/2

[Event "2nd Subasic Mem"]
[Site "Zenica BIH"]
[Date "2003.12.08"]
[Round "4"]
[White "Saric,Ib"]
[Black "Rajkovic,Du"]
[Result "1-0"]
[WhiteElo "2415"]
[BlackElo "2449"]

1.e4 c5 2.Nf3 e6 3.d4 cxd4 4.Nxd4 Nc6 5.Nc3 Qc7 6.Be2 a6 7.O-O Nf6 8.Be3 Bb4
9.Na4 Be7 10.Nxc6 bxc6 11.Nb6 Rb8 12.Nxc8 Qxc8 13.Bd4 O-O 14.e5 Nd5 15.c4 Nf4
16.Bf3 c5 17.Bc3 Qc7 18.Qc2 Ng6 19.Be4 Nxe5 20.Bxh7+ Kh8 21.f4 Ng6 22.Bxg6 fxg6
23.Qxg6 Bf6 24.Rf3 Kg8 25.Rh3 Rf7 26.Rf1 Bxc3 27.bxc3 Rf6 28.Qh7+ Kf7 29.Rg3 Rg8
30.f5 e5 31.Rd1 d6 32.Rg6 Qb8 33.h3 Kf8 34.Qh4 Kf7 35.Qh5 Kf8 36.Qf3 Rh8
37.Qd3 Rh6 38.Rb1 Qc8 39.Rxh6 Rxh6 40.Qd5 Rf6 41.g4 g6 42.Rb7 gxf5  1-0

[Event "87th Marshall CCC"]
[Site "New York USA"]
[Date "2003.12.09"]
[Round "3"]
[White "Shabalov,A"]
[Black "Fedorowicz,J"]
[Result "1/2-1/2"]
[WhiteElo "2597"]
[BlackElo "2519"]

1.e4 c5 2.Nf3 Nc6 3.d4 cxd4 4.Nxd4 e6 5.Nc3 Qc7 6.Be3 a6 7.Qd2 Nf6 8.f3 Ne5
9.O-O-O b5 10.Kb1 Bb7 11.g4 h6 12.h4 b4 13.Na4 d5 14.Bf4 Bd6 15.Bxe5 Bxe5
16.Qxb4 Bd6 17.Qb6 dxe4 18.Nxe6 fxe6 19.Qxd6 Qxd6 20.Rxd6 exf3 21.Rxe6+ Kf8
22.Bd3 Bc8 23.Rb6 Bxg4 24.Nc5 a5 25.Kc1 Rc8 26.Rb5 Kf7 27.Rxa5 Rhd8 28.b4 Kg8
29.a3 Re8 30.Rf1 Rcd8 31.Ra6 Re5 32.Nb7 Rxd3 33.cxd3 Re2 34.Nc5 f2 35.Rxf2 Rxf2  1/2-1/2

[Event "CGT Magistral"]
[Site "Buenos Aires ARG"]
[Date "2003.12.12"]
[Round "2"]
[White "Dolezal,C"]
[Black "Crosa,M"]
[Result "1/2-1/2"]
[WhiteElo "2410"]
[BlackElo "2403"]

1.e4 c5 2.Nf3 Nc6 3.Nc3 e6 4.d4 cxd4 5.Nxd4 Qc7 6.Be3 Nf6 7.a3 a6 8.f4 d6
9.Nb3 Be7 10.Be2 b5 11.g4 Bb7 12.g5 Nd7 13.Qd2 Rc8 14.h4 b4 15.axb4 Nxb4
16.Bf3 Nb6 17.Na5 Nc4 18.Nxc4 Qxc4 19.Kf2 d5 20.exd5 Bxd5 21.Nxd5 Nxd5 22.Bxd5 exd5
23.c3 O-O 24.Rhd1 Bc5 25.Bxc5 Rxc5 26.Qd4 Qb5 27.Kf3 Re8 28.Re1 Rcc8 29.Qd2 g6
30.Rxe8+ Rxe8 31.Re1 Rxe1 32.Qxe1 Kf8 33.b4 a5 34.bxa5 Qxa5 35.Qe5 Qb5 36.Kf2 Qd7
37.Qh8+ Ke7 38.Qf6+ Ke8 39.Ke3 Qa7+ 40.Kd3 Qc5 41.Qd4 Qb5+ 42.Ke3 Qc6 43.f5 Kd7
44.Kf4 Qc7+ 45.Kg4 Kc6 46.Qa4+ Kc5 47.Qb4+ Kc6 48.Qa4+ Kc5 49.Qd4+ Kc6 50.f6 Qd7+
51.Kg3 Qd6+ 52.Qf4 Qa3 53.Qe3 Qd6+ 54.Qf4 Qe6 55.Qa4+ Kc5 56.Qb4+ Kc6 57.Qe7 Qf5
58.Qe3 Kb5 59.Qd4 Qe6 60.Kf3 Qh3+ 61.Ke2 Qg2+ 62.Kd3 Qf1+ 63.Kd2 Qg2+ 64.Kd3 Qf3+
65.Kd2 Qg2+ 66.Kd3 Qf3+ 67.Kd2  1/2-1/2

[Event "22nd SEA Games Standard"]
[Site "Ho Chi Minh City VIE"]
[Date "2003.12.12"]
[Round "7"]
[White "Pg,MOAHirawan"]
[Black "Thamtavatvorn,T"]
[Result "1-0"]
[WhiteElo "2200"]
[BlackElo "2231"]

1.e4 c5 2.Nf3 Nc6 3.d4 cxd4 4.Nxd4 e6 5.Nc3 Qc7 6.Be2 a6 7.O-O Nxd4 8.Qxd4 Ne7
9.Be3 Nc6 10.Qd2 b5 11.Rad1 d6 12.Bf4 Ne5 13.Bxe5 dxe5 14.Nxb5 axb5 15.Bxb5+ Ke7
16.f4 f6 17.fxe5 Qxe5 18.Qd8+ Kf7 19.Qe8+ Kg8 20.Rf5 Qc7 21.Rd8 Qf7 22.Rc5 Qxe8
23.Rxe8 Bb7 24.Rc7 Bxe4 25.Rxe6 Bd5 26.Rb6 Ra7 27.Bc4 Bxc4 28.Rxa7 Bc5+ 29.Kh1 Bxb6
30.Ra8+ Kf7 31.Rxh8 Bxa2 32.b3 Bb1 33.Rc8 g5 34.g4 Be3 35.Kg2 Bf4 36.h3 Ke6
37.Kf3 Kd5 38.Rc4 Ke5 39.Ke2 Bc1 40.Kd3 Bb2 41.Re4+ Kd6 42.Re1 Ba2 43.Kc4 Be5
44.c3 f5 45.Ra1 Bxb3+ 46.Kxb3 f4 47.Kc4 Bf6 48.Kd3 Bd8 49.Ra6+ Kd5 50.Rh6 f3
51.Ke3  1-0

[Event "22nd SEA Games Standard"]
[Site "Ho Chi Minh City VIE"]
[Date "2003.12.13"]
[Round "9"]
[White "Paragua,M"]
[Black "Pham Minh Hoang"]
[Result "1-0"]
[WhiteElo "2500"]
[BlackElo "2438"]

1.e4 c5 2.Nf3 Nc6 3.Nc3 e6 4.d4 cxd4 5.Nxd4 Nf6 6.Nxc6 bxc6 7.e5 Nd5 8.Ne4 Qc7
9.f4 Qb6 10.c4 Bb4+ 11.Ke2 f5 12.Nf2 Ba6 13.Kf3 Ne7 14.Be3 c5 15.a3 Ba5 16.b4 Qb7+
17.Kg3 cxb4 18.axb4 Bxb4 19.Qa4 g5 20.Qxa6 gxf4+ 21.Bxf4 Rg8+ 22.Kh3 Ng6
23.Bg5 Qc7 24.g3 Qxe5 25.Bg2 Rb8 26.Bf3 h6 27.Bc1 f4 28.Rg1 Bc5 29.gxf4 Qf5+
30.Bg4 Nxf4+ 31.Bxf4 Qxf4 32.Nd3 Qd4 33.Nxc5 Qxc5 34.Qxa7 Qe5 35.Rad1 Rg7
36.Qd4 Qg5 37.Rg3 Rf7 38.Rdd3 Rd8 39.Qe3 Qf6 40.Rf3 Qg6 41.Qe5 d6 42.Qxe6+ Qxe6
43.Bxe6 Rg7 44.Rde3 Rb8 45.Bg4+ Kd8 46.Rf8+ Kc7 47.Rxb8 Kxb8 48.Re6  1-0

[Event "II Manuel Pereyra Puebla Mem"]
[Site "Mendoza ARG"]
[Date "2003.12.13"]
[Round "9"]
[White "Rosito,J"]
[Black "Panno,O"]
[Result "1/2-1/2"]
[WhiteElo "2456"]
[BlackElo "2485"]

1.e4 c5 2.Nf3 e6 3.d4 cxd4 4.Nxd4 Nc6 5.Nc3 Qc7 6.Be3 a6 7.Qd2 Nf6 8.f3 Be7
9.O-O-O O-O 10.g4 d6 11.g5 Nd7 12.h4 b5 13.g6 Nde5 14.gxh7+ Kh8 15.Rg1 b4
16.Qg2 Ng6 17.Nce2 Bxh4  1/2-1/2

[Event "II Manuel Pereyra Puebla Mem"]
[Site "Mendoza ARG"]
[Date "2003.12.13"]
[Round "9"]
[White "Rodriguez,And URU"]
[Black "Duarte,L"]
[Result "1-0"]
[WhiteElo "2498"]
[BlackElo "2285"]

1.e4 c5 2.Nc3 e6 3.Nf3 Nc6 4.d4 cxd4 5.Nxd4 Qc7 6.g3 d6 7.Bg2 Nxd4 8.Qxd4 Bd7
9.O-O Nf6 10.Re1 Be7 11.e5 dxe5 12.Rxe5 Bc6 13.Nb5 Qd7 14.Qc4 Qd1+ 15.Qf1 Qxf1+
16.Bxf1 Ng4 17.Re1 Bc5 18.Be3 Bxe3 19.fxe3 Bxb5 20.Bxb5+ Ke7 21.Rad1 Ne5
22.Kf2 g5 23.Rd4 Rad8 24.Red1 Ng4+ 25.Ke2 Nxh2 26.Rd7+ Rxd7 27.Rxd7+ Kf6  1-0

[Event "II Open"]
[Site "San Salvador ESA"]
[Date "2003.12.13"]
[Round "8"]
[White "Martinez,Ne"]
[Black "Pineda,B"]
[Result "0-1"]
[WhiteElo "2076"]
[BlackElo "2249"]

1.e4 c5 2.Nf3 e6 3.d4 cxd4 4.Nxd4 Nc6 5.Nc3 Qc7 6.Be3 a6 7.g3 Nf6 8.Bg2 d6
9.O-O Bd7 10.a4 Be7 11.Nb3 Ne5 12.Ne2 O-O 13.h3 b5 14.a5 Rac8 15.c3 Nc4 16.Bc1 Bc6
17.Qc2 Qb7 18.f3 e5 19.Kh2 h6 20.g4 d5 21.Ng3 Rfd8 22.Nf5 d4 23.cxd4 exd4
24.Qf2 d3 25.Rd1 Qc7+ 26.Kh1 Bf8 27.g5 hxg5 28.Bxg5 Qe5 29.Rab1 Nd6 30.f4 Nfxe4
31.fxe5 Nxf2+ 32.Kg1 Nxf5 33.Kxf2 Bxg2 34.Bxd8 Bd5 35.Nc1 Bc5+ 36.Ke1 Bb4+  0-1

[Event "3rd NAO GM"]
[Site "Paris FRA"]
[Date "2003.12.15"]
[Round "1"]
[White "Marzolo,C"]
[Black "Pira,D"]
[Result "1/2-1/2"]
[WhiteElo "2462"]
[BlackElo "2403"]

1.e4 c5 2.Nf3 Nc6 3.d4 cxd4 4.Nxd4 e6 5.Nc3 Qc7 6.Be3 Nf6 7.Qd2 Bb4 8.f3 Nxd4
9.Qxd4 Bxc3+ 10.bxc3 O-O 11.c4 d6 12.O-O-O e5 13.Qxd6 Qxd6 14.Rxd6 Be6 15.Be2 Rfc8
16.Rhd1 Kf8 17.Kb2 Ne8 18.R6d2 Bxc4 19.Bxc4 Rxc4 20.Rd8 Rxd8 21.Rxd8 b6 22.Ra8 Rc7
23.c4 Ke7 24.c5 bxc5 25.Rxa7 Kd6 26.Ra8 Rb7+ 27.Kc3 Nc7 28.Ra5 Ne6 29.Ra6+ Kd7
30.g3 f6 31.f4 exf4 32.gxf4 Rb4 33.Ra7+ Nc7 34.Kd3 Rb2 35.Bxc5 Kc6 36.Be3 Rxh2
37.f5 Rh4 38.a4 Rg4 39.a5 h5 40.Bb6 Nb5 41.Re7 h4 42.e5 h3 43.exf6 gxf6 44.Re1 h2
45.Rh1 Rg3+ 46.Ke2 Rg2+ 47.Kf3 Ra2 48.Kg3 Nd6 49.Rxh2 Nxf5+ 50.Kh3  1/2-1/2

[Event "ch-IND National A"]
[Site "Calicut IND"]
[Date "2003.12.16"]
[Round "18"]
[White "Ramesh,R"]
[Black "Satyapragyan,S"]
[Result "1-0"]
[WhiteElo "2466"]
[BlackElo "2415"]

1.e4 c5 2.Nf3 Nc6 3.d4 cxd4 4.Nxd4 e6 5.Nc3 Qc7 6.Be3 a6 7.Qd2 Nf6 8.O-O-O Bb4
9.f3 Ne5 10.Nb3 b5 11.Kb1 Be7 12.Qf2 Rb8 13.g4 d6 14.Rg1 Nc4 15.Bxc4 bxc4
16.Nd4 Nd7 17.Ka1 Nc5 18.Qe2 Qb7 19.Rb1 O-O 20.Qxc4 Bd7 21.Qe2 Rfc8 22.Qd2 Be8
23.g5 Nd7 24.f4 Nb6 25.Qd3 Nc4 26.Bc1 Bd8 27.b3 Ba5 28.Nde2 Bxc3+ 29.Nxc3 Na5
30.Bb2 Nc6 31.a3 a5 32.Na2 e5 33.Rgd1 Qb6 34.Rd2 exf4 35.Rf1 a4 36.b4 Ne5
37.Qxd6 Qxd6 38.Rxd6 Nc4 39.Rd3 Ne3 40.Rxf4 Nxc2+ 41.Kb1 Bb5 42.Rc3 Ne1 43.Rxc8+ Rxc8
44.Nc3 Bc6 45.Rf2 Nd3 46.Rd2 Nf4 47.Nd5 Nxd5 48.exd5 Bd7 49.Bd4 f6 50.gxf6 gxf6
51.Bxf6 Kf7 52.Bd4 Rg8 53.Rf2+ Ke8 54.Be5 Bb5 55.Kb2 Bc4 56.d6 Kd7 57.Kc3 Be6
58.Rf4 Kc6 59.Re4 Rg6 60.Kd4 Rh6 61.h4 Kd7 62.Ke3 Rh5 63.Rf4 Rxe5+ 64.Kd4 Rd5+
65.Kc3 Rh5 66.Rf8 Rxh4 67.Ra8 Rh3+ 68.Kd4 Rxa3 69.Ke5 Bg4 70.b5 Rb3 71.Ra7+ Kc8
72.Rxa4 h5 73.b6 Kb8 74.Rxg4 hxg4 75.d7  1-0

[Event "ch-IND National A"]
[Site "Calicut IND"]
[Date "2003.12.16"]
[Round "19"]
[White "Hariharan,V"]
[Black "Kunte,A"]
[Result "0-1"]
[WhiteElo "2245"]
[BlackElo "2535"]

1.e4 c5 2.Nf3 e6 3.d4 cxd4 4.Nxd4 Nc6 5.Nc3 Qc7 6.Be3 a6 7.Be2 b5 8.Nxc6 Qxc6
9.Bf3 Bb7 10.O-O Qc7 11.Re1 Bd6 12.g3 Ne7 13.Bg2 O-O 14.f4 Bc5 15.Qd2 Rfd8
16.Bxc5 Qxc5+ 17.Qf2 Rac8 18.Re2 Qc7 19.Rd2 Nc6 20.Nd1 Na5 21.Ne3 Nc4 22.Nxc4 Qxc4
23.c3 f6 24.Rd4 Qc5 25.Rad1 Bc6 26.Rd6 Qxf2+ 27.Kxf2 e5 28.f5 Kf7 29.Ke3 Ke7
30.Bf1 Rc7 31.a3 Ra8 32.R6d2 Rb7 33.Be2 a5 34.b3 Rc8 35.c4 bxc4 36.Bxc4 Rcb8
37.Rb2 Rb6 38.Rdb1 Rc8 39.Bd3 d5 40.exd5 Bxd5 41.Rc2 Rcb8 42.b4 axb4 43.Rxb4 Rxb4
44.axb4 Rxb4 45.Rc7+ Kd6 46.Rxg7 Rb3 47.Kd2 Rb2+ 48.Ke3 Rxh2 49.Be4 Bc4 50.Bd3 Bb3
51.Rb7 Bd5 52.Rb6+ Ke7 53.Be4 Bxe4 54.Kxe4 Rd2 55.Re6+ Kf7 56.Ra6 h5 57.Ra7+ Kg8
58.Rb7 Rd4+ 59.Ke3 h4 60.gxh4 Rxh4 61.Ra7 Rf4 62.Rb7 Rxf5 63.Ke4 Rg5 64.Ra7 Rg7
65.Ra8+ Kf7 66.Ra7+ Kg6 67.Ra1 Rh7 68.Rg1+ Kf7 69.Kd5 Rh4 70.Rg2 Rd4+ 71.Kc5 Rd1  0-1